000 00504nam a2200181Ia 4500
003 IN-BaIIA
008 211028s9999 xx 000 0 eng d
020 _a0-8247
040 _cIIA Library
080 _a535.33
_bBRA
245 0 _aApplied spectroscopy reviews
_bvol. 16
_cedited by Edward G. Brame
260 _aNew York
_bMcGraw-Hill
_c1973
300 _a375p.
650 _aAstronomy and Astrophysics Thesaurus
650 _aSpectroscopy
_91535
700 _aBrame, Edward G., ed.
_97797
942 _cBK
999 _c4464
_d4464